Responses for Show #5158 - Wednesday, January 31, 2007

Contestants

[<< previous game]

Katie McArthur, a hazardous waste compliance inspector from Yakima, Washington

Nate Metcalf, an actor and playwright from Cokato, Minnesota

Cindi Winstead, a homemaker and student from Villa Rica, Georgia (whose 1-day cash winnings total $14,999)

[next game >>]

Jeopardy! Round responses

CRITICISM WITH STYLE
ERIC IS SO TALENTED
DRAFT PICKS
INVENTIVE MINDS
A KIND OF "USH"
ALL OVER THE WORLD
    $200 16
Mark Twain

Nate
    $200 11
Eric Clapton

Nate
    $200 26
Miller

Nate
    $200 1
(Cindi: Uh... who is Goodrich?)

(Charles) Goodyear

CindiNate
    $200 6
flush

Katie
    $200 20
Brazil

Katie
    $400 17
Groucho Marx

Cindi
    $400 12
(Nate: Who was... darrr!)

Eric McCormack

Nate
Triple Stumper
    $400 27
Foster's

Cindi
    $400 2
toilet paper

Nate
    $400 7
gusher

Nate
    $400 21
Vienna

Nate
    $600 18
Oscar Wilde

Cindi
    $600 13
Eric Burdon

Triple Stumper
    $1,000 28
(Alex: C'mon, Cindi!)
(Cindi: What is [*]?)
(Alex: Yes! Brilliant! You're brilliant!)

Guinness

Cindi
    $600 3
windshield wipers

Katie
    $600 8
an airbrush

Nate
    $600 22
(Cindi: What is... Kush?)

Kashmir

CindiKatie
    $800 19
(Dorothy) Parker

Katie
    $800 14
Eric Idle

Nate
    $800 29
(Cindi: What is Molson?)

Sierra Nevada

Cindi
Triple Stumper
    $800 4
computer

Triple Stumper
    $800 9
Khrushchev

Katie
    $800 23
the Malay Peninsula

Triple Stumper
    $1000 25
Clarence Darrow

Nate
    $1000 15
Eric Carmen

Nate
    $1000 30
(Cindi: What is Heineken?)

Stella Artois

Cindi
Triple Stumper
    $1000 5
Alexander Graham Bell

Triple Stumper
    $1000 10
Salman Rushdie

Nate
    $1000 24
Bratislava

Nate

Scores at the first commercial break (after clue 15):

Cindi Nate Katie
-$200 $4,200 $1,600

Scores at the end of the Jeopardy! Round:

Cindi Nate Katie
-$200 $7,000 $3,200

Double Jeopardy! Round responses

EUROPEAN ART & ARTISTS
A NICOLE KIDMAN FILM FESTIVAL
PRESIDENTIAL HITCHING POSTS
(Alex: You have to tell us the state where each marriage took place.)
A STUDY IN SOUND
MINNESOTANS
2 FOR T
    $400 23
Trafalgar

Nate
    $400 21
Moulin Rouge!

Nate
    $400 16
Virginia

Nate
    $400 11
channels

Nate
    $400 2
Bob Dylan

Nate
    $400 1
a tapestry

Nate
    $800 30
(Cindi: What is Paris?)

Venice

Cindi
Triple Stumper
    $800 22
Cold Mountain

Cindi
    $800 17
Missouri

Nate
    $800 12
treble

Nate
    $800 3
Jean Paul Getty

Triple Stumper
    $800 7
the triathlon

Katie
    $1200 29
The Kiss

Katie
    $1200 24
The Stepford Wives

Katie
    $1200 18
(Katie: What is Massachusetts?)

Vermont

Katie
Triple Stumper
    $1200 13
range

Nate
    $1200 4
Garrison Keillor

Nate
    $2,500 8
(Katie: All right, well, I guess I gotta be ambitious, so... let's go with... oh, $2500.)
...
(Alex: Hurry.)
(Katie: ...Oh, webelo!--no.)

tenderfoot

Katie
    $1600 28
Voltaire

Nate
    $1600 25
(Alex: Yes, with a minute to go.)

To Die For

Nate
    $4,238 19
(Nate: Yipe.)
(Alex: Did I hear you say "Yipe"?)
(Nate: I did.)
(Alex: Oh.)
(Nate: Okay, well we'll go $4238. I just wanna make your guys do math.)
[Laughter]

Ohio

Nate
    $1600 14
overtones

Triple Stumper
    $1600 5
Laura Ingalls Wilder

Nate
    $1600 9
(Cindi: Oh...oh...oh...um, what is [*]?)
(Alex: You are right.)
(Cindi: Whew!)

transcendentalism

Cindi
    $2000 27
Velázquez

Katie
    $2000 26
Far and Away

Katie
    $2000 20
New York

Triple Stumper
    $2000 15
(Nate: What is amplification?)

resonance

Nate
Triple Stumper
    $2000 6
William O. Douglas

Triple Stumper
    $2000 10
tacit

Nate

Scores at the end of the Double Jeopardy! Round:

Cindi Nate Katie
$1,400 $22,438 $6,700
(lock game)

[wagering suggestions for these scores]

Final Jeopardy! Round responses

BRITISH ROYAL NAMES
(Alex: There's really only one work that comes to mind when you mention Malory. Let's see if that helped you.)
...
(Alex: [Revealing Cindi's response] He wrote Le Morte d'[*]. And, oddly enough, [*] was Henry VIII's older brother who died young, and that's how Henry VIII got to be king.)
CindiWhat is Arthur?
$1,400
KatieWhat is Arthur?
$3,800
NateWhat is Henry?
$0
Arthur

Final scores:

Cindi Nate Katie
$2,800 $22,438 $10,500
3rd place: $1,000 New champion: $22,438 2nd place: $2,000

Game dynamics:

Coryat scores:

Cindi Nate Katie
$1,000 $19,800 $9,200
6 R
(including 1 DD),
5 W
28 R
(including 1 DD),
2 W
11 R,
2 W
(including 1 DD)

Combined Coryat: $30,000

[game clues] [game scores] [suggest correction]

Game tape date: 2006-11-28
The J! Archive is created by fans, for fans. Scraping, republication, monetization, and malicious use prohibited; this site may use cookies and collect identifying information. See terms. The Jeopardy! game show and all elements thereof, including but not limited to copyright and trademark thereto, are the property of Jeopardy Productions, Inc. and are protected under law. This website is not affiliated with, sponsored by, or operated by Jeopardy Productions, Inc. Join the discussion at JBoard.tv.